PROFESSIONAL ETHICS AND HUMAN VALUES (Record no. 7535)

MARC details
000 -LEADER
fixed length control field 00429nam a22001697a 4500
005 - DATE AND TIME OF LATEST TRANSACTION
control field 20210306154517.0
008 - FIXED-LENGTH DATA ELEMENTS--GENERAL INFORMATION
fixed length control field 210306b ||||| |||| 00| 0 eng d
020 ## - INTERNATIONAL STANDARD BOOK NUMBER
ISBN 978-93-80386-24-9
041 ## - LANGUAGE CODE
Language code of text/sound track or separate title eng
082 ## - DEWEY DECIMAL CLASSIFICATION NUMBER
Classification number 174.94
100 ## - MAIN ENTRY--AUTHOR NAME
Personal name BABU, S. DHINESH
245 ## - TITLE STATEMENT
Title PROFESSIONAL ETHICS AND HUMAN VALUES
260 ## - PUBLICATION, DISTRIBUTION, ETC. (IMPRINT)
Place of publication BENGALURU
Name of publisher UNIVERSITY SCIENCE PRESS
300 ## - PHYSICAL DESCRIPTION
Number of Pages 130,p
650 ## - SUBJECT ADDED ENTRY--TOPICAL TERM
Topical Term PHARMACY
942 ## - ADDED ENTRY ELEMENTS (KOHA)
Koha item type Books
Holdings
Lost status Damaged status Collection code Home library Current library Shelving location Date acquired Source of acquisition Cost, normal purchase price Full call number Accession Number Koha item type
    PHARMACY JRU Library JRU Library Shelf - 25- F 06/03/2021 PURCHES 179.00 174.94 25725 Books
    PHARMACY JRU Library JRU Library Shelf - 25- F 06/03/2021 PURCHES 179.00 174.94 25726 Books
    PHARMACY JRU Library JRU Library Shelf - 25- F 06/03/2021 PURCHES 179.00 174.94 25727 Books
    PHARMACY JRU Library JRU Library Shelf - 25- F 06/03/2021 PURCHES 179.00 174.94 25728 Books
    PHARMACY JRU Library JRU Library Shelf - 25- F 06/03/2021 PURCHES 179.00 174.94 25729 Books
    PHARMACY JRU Library JRU Library Shelf - 25- F 06/03/2021 PURCHES 179.00 174.94 25730 Books
    PHARMACY JRU Library JRU Library Shelf - 25- F 06/03/2021 PURCHES 179.00 174.94 25731 Books
    PHARMACY JRU Library JRU Library Shelf - 25- F 06/03/2021 PURCHES 179.00 174.94 25732 Books
    PHARMACY JRU Library JRU Library Shelf - 25- E 06/03/2021 PURCHES 179.00 174.94 25733 Books
    Reference JRU Library JRU Library Shelf - 25- F 06/03/2021 PURCHES 179.00 174.94 25734 Books